000 00247nam a2200097Ia 4500
001 734283
005 20250826163830.0
008 250824s9999 xx 000 0 und d
245 0 _aİKİZ GEZGİNLER TROYADA
_cBETÜL AVUNÇ
260 _bTUDEM YAYINLARI
999 _c734283
_d734283